Финансовый анализ проекта (Запись № 11991311)
[ простой вид ]
| 000 -МАРКЕР | |
|---|---|
| контрольное поле | 02090nam0a2200349 i 4500 |
| 001 - ИДЕНТИФИКАТОР ЗАПИСИ | |
| контрольное поле | RU\NLR\BIBL_A\011214885 |
| 005 - ИДЕНТИФИКАТОР ВЕРСИИ | |
| контрольное поле | 20260405112201.0 |
| 010 ## - МЕЖДУНАРОДНЫЙ СТАНДАРТНЫЙ НОМЕР КНИГИ (ISBN) | |
| Номер (ISBN) | 9785763834369 |
| Тираж | 100 |
| 021 ## - НОМЕР ГОСУДАРСТВЕННОЙ РЕГИСТРАЦИИ | |
| Код страны | Российская Федерация |
| Номер | 2016-67737 |
| Номер Листа государственной регистраци | 4354 |
| 035 ## - ДРУГИЕ СИСТЕМНЫЕ НОМЕРА | |
| Идентификатор записи | (NLR Aleph) 011214885 |
| 100 ## - ДАННЫЕ ОБЩЕЙ ОБРАБОТКИ | |
| Данные общей обработки | 20160916d2016 km y0rusy50 ca |
| 101 0# - ЯЗЫК РЕСУРСА | |
| Язык текста, звукозаписи и т.д. | русский |
| -- | английский |
| 102 ## - СТРАНА ПУБЛИКАЦИИ ИЛИ ПРОИЗВОДСТВА | |
| Страна публикации | Российская Федерация |
| 105 ## - ПОЛЕ КОДИРОВАННЫХ ДАННЫХ: ТЕКСТОВЫЕ МАТЕРИАЛЫ, МОНОГРАФИЧЕСКИЕ | |
| Кодированные данные о монографическом текстовом документе | a j 000yy |
| 200 1# - ЗАГЛАВИЕ И СВЕДЕНИЯ ОБ ОТВЕТСТВЕННОСТИ | |
| Основное заглавие | Финансовый анализ проекта |
| Параллельное заглавие | Financial analysis of a project |
| Сведения, относящиеся к заглавию | учебное пособие |
| -- | для обучающихся по программам высшего образования направления подготовки 38.04.02 "Менеджмент" (квалификация (степень) "магистр") |
| Первые сведения об ответственности | В. П. Масловский, С. Б. Глоба, Н. М. Бутакова, В. Н. Сурай |
| Последующие сведения об ответственности | М-во образования и науки Рос. Федерации, Сиб. федерал. ун-т, [Ин-т управления бизнес-процессами и экономики] |
| Язык параллельного заглавия | английский |
| 210 ## - ПУБЛИКАЦИЯ, РАСПРОСТРАНЕНИЕ И ДР. | |
| Место издания, распространения и т.д. | Красноярск |
| Имя издателя, распространителя и т. д. | СФУ |
| Дата издания, распространения и т.д. | 2016 |
| 215 ## - ФИЗИЧЕСКАЯ ХАРАКТЕРИСТИКА | |
| Специфическое обозначение материала и объем | 200 с. |
| Другие сведения о физической характеристике | ил. |
| Размеры | 21 |
| 300 ## - ОБЩИЕ ПРИМЕЧАНИЯ | |
| Текст примечания | Авт. также на англ. яз.: V. Maslovskij, G. Globa, N. Butakova, V. Suray |
| 300 ## - ОБЩИЕ ПРИМЕЧАНИЯ | |
| Текст примечания | Текст парал. на рус. и англ. яз. |
| 320 ## - ПРИМЕЧАНИЯ О НАЛИЧИИ В ДОКУМЕНТЕ БИБЛИОГРАФИИ / УКАЗАТЕЛЯ | |
| Текст примечания | Библиогр.: с. 196-198 |
| 510 1# - ПАРАЛЛЕЛЬНОЕ ЗАГЛАВИЕ | |
| Параллельное заглавие | Financial analysis of a project |
| Язык заглавия | английский |
| 606 1# - НАИМЕНОВАНИЕ ТЕМЫ КАК ПРЕДМЕТ | |
| Наименование темы | Инвестиционные проекты |
| Формальный подзаголовок | Учебные издания для высших учебных заведений |
| Тематический подзаголовок | Анализ |
| Системный номер авторитетной/нормативной записи | 2110614 |
| Идентификатор авторитетной/нормативной записи | RU\NLR\AUTH\661275585 |
| 686 1# - ИНДЕКСЫ ДРУГИХ КЛАССИФИКАЦИЙ | |
| Индекс | У9(2)-56(2Р)я73 |
| 701 #1 - ИМЯ ЛИЦА - АЛЬТЕРНАТИВНАЯ ОТВЕТСТВЕННОСТЬ | |
| Графика поля | Кириллица |
| Материалы, к которым относится поле | rus |
| Начальный элемент ввода | Масловский |
| Часть имени, кроме начального элемента ввода | В. П. |
| Расширение инициалов личного имени | Владимир Петрович |
| Системный номер авторитетной/нормативной записи | 26014 |
| Идентификатор авторитетной/нормативной записи | RU\NLR\AUTH\7743071 |
| 701 #1 - ИМЯ ЛИЦА - АЛЬТЕРНАТИВНАЯ ОТВЕТСТВЕННОСТЬ | |
| Начальный элемент ввода | Глоба |
| Часть имени, кроме начального элемента ввода | С. Б. |
| Расширение инициалов личного имени | Светлана Борисовна |
| 701 #1 - ИМЯ ЛИЦА - АЛЬТЕРНАТИВНАЯ ОТВЕТСТВЕННОСТЬ | |
| Начальный элемент ввода | Бутакова |
| Часть имени, кроме начального элемента ввода | Н. М. |
| Расширение инициалов личного имени | Нина Михайловна |
| 701 #1 - ИМЯ ЛИЦА - АЛЬТЕРНАТИВНАЯ ОТВЕТСТВЕННОСТЬ | |
| Графика поля | Кириллица |
| Материалы, к которым относится поле | rus |
| Начальный элемент ввода | Сурай |
| Часть имени, кроме начального элемента ввода | В. Н. |
| Расширение инициалов личного имени | Валентина Николаевна |
| Системный номер авторитетной/нормативной записи | 26016 |
| Идентификатор авторитетной/нормативной записи | RU\NLR\AUTH\7743073 |
| 942 ## - ДОПОЛНИТЕЛЬНЫЕ ЭЛЕМЕНТЫ ЗАПИСИ (АБИС) | |
| Тип экземпляра АБИС | Книга |
| 980 ## - КОЛЛЕКЦИЯ | |
| Название коллекции | НБР |
Нет доступных экземпляров.